El derecho administrativo frente al fracaso del estado de bienestar: propuesta jurídico-política para Panamá desde una ética ciudadana
Guardado en:
| Autor principal: | |
|---|---|
| Formato: | Libro |
| Lenguaje: | español |
| Publicado: |
Universidad Católica Santa María La Antigua
2011
|
| Edición: | 1a. ed |
| Materias: | |
| Etiquetas: |
Agregar Etiqueta
Sin Etiquetas, Sea el primero en etiquetar este registro!
|
MARC
| LEADER | 00000cam a2200000 a 4500 | ||
|---|---|---|---|
| 001 | UCF8699 | ||
| 003 | CL-VaPUC | ||
| 008 | 130930e20110000pn |||||||||||||||||spa|d | ||
| 082 | 0 | 4 | |a 342.97287 |b COR |2 21 |
| 100 | 0 | |a Correa Ortiz, Julia |e author |9 570846 | |
| 245 | 1 | 3 | |a El derecho administrativo frente al fracaso del estado de bienestar: propuesta jurídico-política para Panamá desde una ética ciudadana |
| 250 | |a 1a. ed | ||
| 300 | |a 254 p | ||
| 942 | |c BK | ||
| 945 | |d 20130930 13:19:00 |a dcastane | ||
| 260 | |b Universidad Católica Santa María La Antigua |c 2011 | ||
| 650 | 0 | |a Derecho administrativo |9 254851 | |
| 583 | |a last modification |c 20130930 13:19:00 |k Rodrigo Vera | ||
| 999 | |c 353265 |d 353263 | ||
| 952 | |0 0 |1 0 |3 erb |4 0 |6 342_972870000000000_COR_2011 |7 0 |8 A |9 458383 |a BIBDER |b BIBDER |d 2019-11-23 |i 5009561 |o 342.97287 COR 2011 |p 5009561 |r 2023-01-25 |w 2019-11-23 |y BK |z Catalogado en:20130930 |k DER | ||